Histoire du drapeau de la Thaïlande - Statistiques

Statistiques générales
  • Ce quiz a été pris 91 fois
  • Le résultat moyen est 4 sur 7
Statistiques - réponses
Hint Réponse % Correct
Sixième drapeau du royaume de Siam (1917-1939) et Thaïlande (depuis 1939)
73%
Quatrième drapeau du royaume de Siam (1893-1916)
61%
Cinquième drapeau du royaume de Siam (1916-1917)
57%
Royaume d'Ayutthaya (1351-1767) et royaume de Thonburi (1767-1782)
53%
Deuxième drapeau du royaume de Siam (1817-1855)
41%
Troisième drapeau du royaume de Siam (1855-1893)
39%
Premier drapeau du royaume de Siam (1782-1817)
27%
Aucun quiz correspondant
Distribution des résultats
% des personnes avec chaque résultat
Percentile par nombre de réponses
Votre historique - résultats
Vous n’avez pas pris ce quiz